Derecho, legislación y libertad
Kaydedildi:
| Yazar: | |
|---|---|
| Materyal Türü: | Kitap |
| Dil: | İspanyolca |
| Baskı/Yayın Bilgisi: |
Madrid
Union Editorial
1976
|
| Konular: | |
| Etiketler: |
Etiketle
Etiket eklenmemiş, İlk siz ekleyin!
|
MARC
| LEADER | 00000nam a2200000 a 4500 | ||
|---|---|---|---|
| 001 | UCZ2087 | ||
| 003 | CL-VaPUC | ||
| 008 | 950925e19760000SP |||||||||||||||||spa|d | ||
| 082 | 0 | 4 | |a 320.9 |b HAY |2 21 |
| 100 | 0 | |a Hayek, Friedrich August von |e author |9 331950 | |
| 245 | 1 | 0 | |a Derecho, legislación y libertad |
| 300 | |a 3 v | ||
| 942 | |c BK | ||
| 945 | |d 19950925 00:00:00 |a awong | ||
| 260 | |a Madrid |b Union Editorial |c 1976 | ||
| 500 | |a v.1: Normas y orden | ||
| 500 | |a v.2: El espejismo de la justicia social | ||
| 500 | |a v.3: El orden político de una sociedad libre | ||
| 650 | 7 | |a DERECHO |2 CL-VaPUC |9 345918 | |
| 650 | 7 | |a LEGISLACION |2 CL-VaPUC |9 345919 | |
| 650 | 0 | |a Justicia social |9 314874 | |
| 650 | 7 | |a ORDENAMIENTO POLITICO |2 CL-VaPUC |9 345920 | |
| 650 | 7 | |a TEORIA POLITICA |2 CL-VaPUC |9 345921 | |
| 650 | 0 | |a Libertad |9 255686 | |
| 650 | 0 | |a Democracia |9 255256 | |
| 583 | |a last modification |c 19950925 00:00:00 |k Rodrigo Vera | ||
| 999 | |c 238739 |d 238737 | ||
| 952 | |0 0 |1 0 |4 0 |6 320_900000000000000_HAY_1976 |7 0 |8 DER_TF |9 249173 |a BIBDER |b BIBDER |d 2019-11-18 |h v.1 |i 3134067 |o 320.9 HAY 1976 |p 3134067 |r 2023-01-25 |w 2019-11-18 |x Ubicación 4to Piso |y BK |z Estos recursos deben solicitarse con anticipación |k DER | ||
| 952 | |0 0 |1 0 |4 0 |6 320_900000000000000_HAY_1976 |7 0 |8 DER_TF |9 249174 |a BIBDER |b BIBDER |d 2019-11-18 |h v.2 |i 3134075 |o 320.9 HAY 1976 |p 3134075 |r 2023-01-25 |w 2019-11-18 |x Ubicación 4to Piso |y BK |z Estos recursos deben solicitarse con anticipación |k DER | ||
| 952 | |0 0 |1 0 |4 0 |6 320_900000000000000_HAY_1976 |7 0 |8 DER_TF |9 249175 |a BIBDER |b BIBDER |d 2019-11-18 |h v.3 |i 3134083 |o 320.9 HAY 1976 |p 3134083 |r 2023-01-25 |w 2019-11-18 |x Ubicación 4to Piso |y BK |z Estos recursos deben solicitarse con anticipación |k DER | ||